[Event "HUN-chT2 Asztalos 1213"]
[Site "Hungary"]
[Date "2013.03.03"]
[Round "8.8"]
[White "Nemeth, Attila"]
[Black "Panki, Daniel"]
[Result "1-0"]
[WhiteElo "1565"]
[BlackElo "1533"]
[PlyCount "125"]
[EventDate "2012.09.16"]
[EventType "team-tourn"]
[EventRounds "9"]
[EventCountry "HUN"]
[SourceTitle "EXT 2014"]
[Source "ChessBase"]
[SourceDate "2013.11.20"]
[SourceVersion "1"]
[SourceVersionDate "2013.11.20"]
[SourceQuality "1"]
[WhiteTeam "Komlo"]
[BlackTeam "Szentlorinc"]
[WhiteTeamCountry "HUN"]
[BlackTeamCountry "HUN"]

1. d4 Nf6 2. c4 g6 3. Nc3 Bg7 4. e4 d6 5. f3 0-0 6. Be3 Nbd7 7. Bd3 e5 8. d5 a5 9. Bg5 h6 10. Bh4 Nc5 11. Bc2 Qe8 12. Nb5 Qd7 13. Ne2 b6 14. Nec3 Qd8 15. g4 Bd7 16. a3 Qc8 17. Bxf6 Bxf6 18. h4 Bg7 19. h5 g5 20. b4 Nb7 21. Kf2 Rd8 22. Kg3 Be8 23. Ba4 Kh7 24. Ne2 Qd7 25. Nbc3 Qe7 26. Bc6 Rdb8 27. Bxe8 Qxe8 28. Nb5 Rc8 29. Qd2 Qd7 30. Rhb1 Bf8 31. Nc1 Kg7 32. Nd3 Be7 33. Qb2 f6 34. Nc3 Bf8 35. Qb3 Be7 36. Na4 Ra6 37. c5 dxc5 38. bxc5 Nxc5 39. Naxc5 bxc5 40. Qc4 Qd6 41. Nxc5 Rb6 42. Nb7 Qd7 43. Nxa5 Rxb1 44. Rxb1 Bxa3 45. Rb7 Bd6 46. Qa6 Kf8 47. Nc4 Be7 48. Qa7 Qd8 49. Qa4 Qe8 50. Qa5 Qd8 51. Ra7 Bd6 52. Qa6 Bc5 53. Rb7 Qe7 54. Rb5 Rd8 55. Qc6 Bd6 56. Rb7 Rd7 57. Nxd6 Qxd6 58. Qxd6+ Rxd6 59. Rxc7 Kg8 60. Rc6 Rd7 61. Rxf6 Kg7 62. Rg6+ Kh7 63. Re6 1-0

[Event "HUN-chT2 Asztalos 1112"]
[Site "Hungary"]
[Date "2011.11.13"]
[Round "3.8"]
[White "Forster, Tamas"]
[Black "Panki, Daniel"]
[Result "1-0"]
[WhiteElo "2063"]
[BlackElo "1506"]
[PlyCount "49"]
[EventDate "2011.09.25"]
[EventType "team-tourn"]
[EventRounds "11"]
[EventCountry "HUN"]
[SourceTitle "EXT 2013"]
[Source "ChessBase"]
[SourceDate "2012.11.22"]
[SourceVersion "1"]
[SourceVersionDate "2012.11.22"]
[SourceQuality "1"]
[WhiteTeam "Dombovar"]
[BlackTeam "Szentlorinc"]
[WhiteTeamCountry "HUN"]
[BlackTeamCountry "HUN"]

1. e4 e5 2. Nf3 Nc6 3. Nc3 Bc5 4. Nxe5 Bxf2+ 5. Kxf2 Nxe5 6. d4 Nc6 7. Be3 Nf6 8. e5 Ng8 9. Bc4 d6 10. exd6 Qxd6 11. Nb5 Qd7 12. Re1 Nge7 13. Kg1 a6 14. Nc3 0-0 15. Ne4 Nf5 16. c3 Nxe3 17. Rxe3 h6 18. Qe2 Re8 19. Nf6+ gxf6 20. Rxe8+ Kg7 21. Re1 b5 22. Bd3 Nd8 23. Qf3 Ne6 24. Qg4+ Ng5 25. Qxd7 1-0